Sports Quiz

Random Sports or Topography Quiz

Riverside Offense Quiz Stats

 Plays Quiz not verified by Sporcle

Challenge
Share
Tweet
Embed
Score 0/11 Timer 05:00
0 Plays Today
'Can you name the players on riversides % Correct
RBNick Rossi
100%
QBCorey Talerico
85.7%
WRTommy Armillay
85.7%
RBPaul Lassiter
71.4%
CTyler Armillay
71.4%
TESkylar Lavage
57.1%
WRNick Dranchak
57.1%
RGLaquan Jackson
57.1%
LGMIke Peitrowski
42.9%
LTAlex Puchiloski
28.6%
RTBrian Handy
28.6%

You're not logged in!

Compare scores with friends on all Sporcle quizzes.
OR
Log In

You Might Also Like...

Show Comments

Extras

Top Quizzes Today


Score Distribution

Your Account Isn't Verified!

In order to create a playlist on Sporcle, you need to verify the email address you used during registration. Go to your Sporcle Settings to finish the process.

Report this User

Report this user for behavior that violates our Community Guidelines.

Details: